[Event "IECC P email"]
[Site "IECC email"]
[Date "2002.12.28"]
[Round "?"]
[White "Marcotulli, Giancarlo"]
[Black "Hummeling, Hans"]
[Result "1-0"]
[WhiteElo "2290"]
[BlackElo "2069"]
[PlyCount "35"]
[EventDate "2002.??.??"]
[EventType "tourn (corr)"]
[EventRounds "6"]
[SourceTitle "Corr 2008"]
[Source "ChessBase"]
[SourceDate "2008.06.24"]
[SourceVersion "1"]
[SourceVersionDate "2008.06.24"]
[SourceQuality "1"]

1. e4 e5 2. Nf3 Nc6 3. Bb5 a6 4. Ba4 Nf6 5. 0-0 Be7 6. Re1 b5 7. Bb3 d6 8. c3 0-0 9. h3 Bb7 10. d4 Re8 11. Nbd2 Bf8 12. a4 Qd7 13. axb5 axb5 14. Rxa8 Bxa8 15. d5 Ne7 16. Nf1 h6 17. Ng3 c6 18. dxc6 1-0

[Event "IECC Y2KO email"]
[Site "IECC email"]
[Date "2001.09.24"]
[Round "?"]
[White "Hummeling, Hans"]
[Black "Powles, Jonathan"]
[Result "1-0"]
[WhiteElo "2114"]
[BlackElo "1797"]
[PlyCount "57"]
[EventDate "2001.??.??"]
[EventType "tourn (corr)"]
[EventRounds "6"]
[SourceTitle "Corr 2008"]
[Source "ChessBase"]
[SourceDate "2008.06.24"]
[SourceVersion "1"]
[SourceVersionDate "2008.06.24"]
[SourceQuality "1"]

1. d4 Nf6 2. c4 e6 3. Nf3 Bb4+ 4. Bd2 a5 5. g3 d6 6. Bg2 Nbd7 7. Qc2 0-0 8. 0-0 Bxd2 9. Nbxd2 Re8 10. Rad1 e5 11. e3 Rb8 12. Rfe1 b6 13. Nb1 Ba6 14. b3 Bb7 15. Nc3 Qe7 16. Re2 c6 17. dxe5 dxe5 18. Red2 Rbd8 19. Bh3 Rf8 20. Rd6 Bc8 21. Ng5 h6 22. Nge4 Nxe4 23. Nxe4 Nb8 24. Bxc8 Rxc8 25. c5 b5 26. R6d2 Rcd8 27. Nd6 Qa7 28. Qe4 Qxc5 29. Qg4 1-0

[Event "IECC P email"]
[Site "IECC email"]
[Date "2000.11.07"]
[Round "?"]
[White "Grantz, Olaf"]
[Black "Hummeling, Hans"]
[Result "0-1"]
[WhiteElo "1919"]
[BlackElo "2112"]
[PlyCount "42"]
[EventDate "2000.??.??"]
[EventType "tourn (corr)"]
[EventRounds "6"]
[SourceTitle "Corr 2008"]
[Source "ChessBase"]
[SourceDate "2008.06.24"]
[SourceVersion "1"]
[SourceVersionDate "2008.06.24"]
[SourceQuality "1"]

1. d4 Nf6 2. Nc3 d5 3. e4 dxe4 4. f3 exf3 5. Nxf3 e6 6. Bg5 Be7 7. Bd3 c5 8. Qd2 cxd4 9. Nxd4 0-0 10. 0-0-0 Nc6 11. Nf3 Qa5 12. Kb1 e5 13. Qe1 Be6 14. Qh4 h6 15. Bxh6 gxh6 16. Qxh6 e4 17. Ng5 exd3 18. Rxd3 Bf5 19. Rg3 Qc7 20. Rf1 Nd4 21. Rh3 Bxc2+ 0-1

[Event "IECC KO email"]
[Site "IECC email"]
[Date "2000.05.19"]
[Round "?"]
[White "Belov, Dmitry"]
[Black "Hummeling, Hans"]
[Result "1-0"]
[WhiteElo "2195"]
[BlackElo "2104"]
[PlyCount "107"]
[EventDate "2000.??.??"]
[EventType "tourn (corr)"]
[EventRounds "6"]
[SourceTitle "Corr 2008"]
[Source "ChessBase"]
[SourceDate "2008.06.24"]
[SourceVersion "1"]
[SourceVersionDate "2008.06.24"]
[SourceQuality "1"]

1. e4 c5 2. Nf3 d6 3. d4 cxd4 4. Nxd4 Nf6 5. Nc3 a6 6. Be2 e6 7. 0-0 Be7 8. f4 0-0 9. Be3 Nc6 10. Qe1 Qc7 11. Qg3 Nxd4 12. Bxd4 b5 13. a3 Bb7 14. Kh1 Bc6 15. Rae1 Qb7 16. e5 dxe5 17. Bxe5 g6 18. Bd3 a5 19. f5 exf5 20. Bxf5 b4 21. axb4 axb4 22. Ne2 Nh5 23. Qh3 gxf5 24. Ng3 Bxg2+ 25. Qxg2 Qxg2+ 26. Kxg2 Nxg3 27. hxg3 Rfc8 28. Re2 Ra5 29. c3 b3 30. Kf3 h6 31. Rd1 Bg5 32. Bf4 Rc4 33. Re8+ Kg7 34. Be5+ f6 35. Bd4 Rb5 36. Re7+ Kg6 37. Ra1 Rc8 38. Raa7 Rg8 39. Reb7 Rxb7 40. Rxb7 Re8 41. Rxb3 Re4 42. Rb8 Re1 43. b4 Rd1 44. b5 Rd3+ 45. Kf2 Rd2+ 46. Ke1 Rb2 47. b6 f4 48. c4 Rb1+ 49. Kf2 fxg3+ 50. Kxg3 Kf5 51. Rd8 h5 52. c5 h4+ 53. Kf3 h3 54. Rh8 1-0

[Event "IECC CL0-2000.01"]
[Site "IECC email"]
[Date "1999.11.23"]
[Round "?"]
[White "Bergmann, Michael"]
[Black "Hummeling, Hans"]
[Result "1/2-1/2"]
[WhiteElo "2424"]
[BlackElo "2120"]
[PlyCount "83"]
[EventDate "2000.??.??"]
[EventType "tourn (corr)"]
[EventRounds "4"]
[SourceTitle "Corr 2015"]
[Source "ChessBase"]
[SourceDate "2015.07.17"]
[SourceVersion "1"]
[SourceVersionDate "2015.07.17"]
[SourceQuality "1"]

1. e4 c5 2. Nf3 d6 3. d4 cxd4 4. Nxd4 Nf6 5. Nc3 a6 6. Bg5 e6 7. f4 Qb6 8. Qd2 Qxb2 9. Rb1 Qa3 10. f5 Nc6 11. fxe6 fxe6 12. Nxc6 bxc6 13. Be2 Be7 14. 0-0 0-0 15. Rb3 Qc5+ 16. Be3 Qe5 17. Bf4 Qc5+ 18. Kh1 Ng4 19. h3 e5 20. Na4 Qa7 21. Bc4+ Kh8 22. hxg4 exf4 23. Nb6 Rb8 24. Rxf4 Bd7 25. Nxd7 Qxd7 26. Rf5 Rxb3 27. axb3 Rxf5 28. exf5 d5 29. Bxa6 Bd6 30. Qe3 Kg8 31. g3 Kf7 32. Kg2 Qe7 33. Qf3 Kf6 34. Bc8 Qe4 35. Qxe4 dxe4 36. Bb7 Ke5 37. Bxc6 Kd4 38. g5 Be7 39. g6 hxg6 40. fxg6 Ke3 41. Kf1 Bb4 42. Bb7 1/2-1/2

[Event "IECC CL0-2000.01"]
[Site "IECC email"]
[Date "1999.11.23"]
[Round "?"]
[White "Hummeling, Hans"]
[Black "Sirota, Anatoli V"]
[Result "0-1"]
[WhiteElo "2129"]
[BlackElo "2515"]
[PlyCount "74"]
[EventDate "2000.??.??"]
[EventType "tourn (corr)"]
[EventRounds "4"]
[SourceTitle "Corr 2015"]
[Source "ChessBase"]
[SourceDate "2015.07.17"]
[SourceVersion "1"]
[SourceVersionDate "2015.07.17"]
[SourceQuality "1"]

1. d4 Nf6 2. c4 g6 3. Nc3 Bg7 4. e4 d6 5. f3 0-0 6. Be3 Nbd7 7. Qd2 c5 8. Nge2 a6 9. Rd1 b6 10. e5 Ne8 11. exd6 Nxd6 12. Ng3 Re8 13. Be2 Bb7 14. 0-0 Qc7 15. dxc5 bxc5 16. b3 Red8 17. Bd3 Rac8 18. f4 f5 19. Qe1 e6 20. Bc2 Qc6 21. Rf2 Nf7 22. Re2 Nf8 23. Na4 Rxd1 24. Qxd1 Rd8 25. Qe1 Bd4 26. Bxd4 Rxd4 27. Qc1 g5 28. fxg5 Rg4 29. Bd1 Ne5 30. Qc2 Rd4 31. Rxe5 Rxd1+ 32. Nf1 Qd6 33. Re3 f4 34. Rc3 e5 35. Qf2 e4 36. Nxc5 Qe5 37. Nxb7 Qxc3 0-1

[Event "IECC Y2KO email"]
[Site "IECC email"]
[Date "1999.10.14"]
[Round "?"]
[White "De Baere, David"]
[Black "Hummeling, Hans"]
[Result "1/2-1/2"]
[WhiteElo "1559"]
[BlackElo "2108"]
[PlyCount "105"]
[EventDate "1999.??.??"]
[EventType "tourn (corr)"]
[EventRounds "2"]
[SourceTitle "Corr 2008"]
[Source "ChessBase"]
[SourceDate "2008.06.24"]
[SourceVersion "1"]
[SourceVersionDate "2008.06.24"]
[SourceQuality "1"]

1. e4 e5 2. Nf3 Nc6 3. Bc4 Bc5 4. c3 Nf6 5. d4 exd4 6. cxd4 Bb4+ 7. Bd2 Bxd2+ 8. Nbxd2 d5 9. exd5 Nxd5 10. Qb3 Nce7 11. 0-0 0-0 12. Rfe1 c6 13. a4 a5 14. Ne4 Nf5 15. Rad1 Re8 16. Nc3 Be6 17. Re5 Nd6 18. Bxd5 cxd5 19. Ng5 Nc4 20. Nxe6 fxe6 21. Re2 Nd6 22. Rde1 Qd7 23. h3 g6 24. Nb5 Nxb5 25. Qxb5 Qxb5 26. axb5 Kf7 27. Rc1 Rac8 28. Rec2 Rxc2 29. Rxc2 Re7 30. Rc5 b6 31. Rc6 e5 32. dxe5 Rxe5 33. Rxb6 d4 34. f4 Re2 35. Rd6 Rxb2 36. Rxd4 Ke6 37. Ra4 Rxb5 38. g4 Kd5 39. Kf2 Kc5 40. h4 Rb2+ 41. Ke3 Rb3+ 42. Ke2 Kb5 43. Re4 Rb4 44. Re5+ Ka4 45. Kf3 Rb3+ 46. Kf2 Rb7 47. f5 gxf5 48. gxf5 Kb4 49. Re4+ Kb3 50. f6 Rf7 51. Re6 a4 52. Ke3 a3 53. Rb6+ 1/2-1/2

[Event "IECC P email"]
[Site "IECC email"]
[Date "1999.07.09"]
[Round "?"]
[White "Verdier, Jean"]
[Black "Hummeling, Hans"]
[Result "1/2-1/2"]
[WhiteElo "2032"]
[BlackElo "2103"]
[PlyCount "47"]
[EventDate "1999.??.??"]
[EventType "tourn (corr)"]
[EventRounds "6"]
[SourceTitle "Corr 2008"]
[Source "ChessBase"]
[SourceDate "2008.06.24"]
[SourceVersion "1"]
[SourceVersionDate "2008.06.24"]
[SourceQuality "1"]

1. d4 d5 2. Nf3 Nf6 3. c4 e6 4. Nc3 Be7 5. Bg5 h6 6. Bh4 0-0 7. e3 Ne4 8. Bxe7 Qxe7 9. cxd5 Nxc3 10. bxc3 exd5 11. Qb3 Rd8 12. c4 dxc4 13. Bxc4 Nc6 14. Be2 Rd6 15. 0-0 Be6 16. Qb2 Bd5 17. Rfc1 Rad8 18. Ne1 b6 19. Bf3 Na5 20. Qe2 Be6 21. Qb5 Bd5 22. Qe2 Be6 23. Qb5 Bd5 24. Qe2 1/2-1/2

[Event "IECC Swiss email"]
[Site "IECC email"]
[Date "1999.06.03"]
[Round "?"]
[White "Hummeling, Hans"]
[Black "Neumann, Ulrich"]
[Result "1-0"]
[WhiteElo "2090"]
[BlackElo "1515"]
[PlyCount "73"]
[EventDate "1999.??.??"]
[EventType "tourn (corr)"]
[EventRounds "6"]
[SourceTitle "Corr 2008"]
[Source "ChessBase"]
[SourceDate "2008.06.24"]
[SourceVersion "1"]
[SourceVersionDate "2008.06.24"]
[SourceQuality "1"]

1. c4 Nf6 2. Nc3 g6 3. e4 Bg7 4. d4 d6 5. Nf3 0-0 6. Be2 e5 7. 0-0 Nbd7 8. Re1 c6 9. Bf1 a5 10. Rb1 exd4 11. Nxd4 Re8 12. Bf4 Nc5 13. f3 Qc7 14. Nb3 Nxb3 15. Qxb3 b6 16. Rbd1 Bf8 17. Rd2 Nh5 18. Be3 Rb8 19. Na4 c5 20. Nc3 Bb7 21. Nb5 Qc6 22. g4 Ng7 23. Red1 Re6 24. Bf4 Rd8 25. Bh3 f6 26. Bg3 g5 27. Nc3 Ra8 28. Nd5 Ra6 29. f4 gxf4 30. Bxf4 Kh8 31. Qf3 Ra8 32. Bg3 Ree8 33. Qxf6 Red8 34. Rf1 Qe8 35. Nc7 Qxe4 36. Nxa8 Be7 37. Qf7 1-0

[Event "IECC Swiss email"]
[Site "IECC email"]
[Date "1999.02.20"]
[Round "?"]
[White "El Messiry, Raouf"]
[Black "Hummeling, Hans"]
[Result "1/2-1/2"]
[WhiteElo "1806"]
[BlackElo "2073"]
[PlyCount "71"]
[EventDate "1999.??.??"]
[EventType "tourn (corr)"]
[EventRounds "6"]
[SourceTitle "Corr 2008"]
[Source "ChessBase"]
[SourceDate "2008.06.24"]
[SourceVersion "1"]
[SourceVersionDate "2008.06.24"]
[SourceQuality "1"]

1. e4 e5 2. Nf3 Nc6 3. Bb5 a6 4. Ba4 Nf6 5. 0-0 Be7 6. Re1 b5 7. Bb3 0-0 8. c3 d5 9. exd5 Nxd5 10. Nxe5 Nxe5 11. Rxe5 c6 12. d4 Bd6 13. Re1 Qh4 14. g3 Qh3 15. Be3 Bg4 16. Qd3 Rae8 17. Nd2 Re6 18. a4 bxa4 19. Rxa4 f5 20. Qf1 Qh5 21. Rxa6 f4 22. Bxf4 Rxe1 23. Qxe1 Bxf4 24. Bxd5+ cxd5 25. gxf4 Re8 26. Qa1 Bc8 27. Nf1 Qg4+ 28. Ng3 Bxa6 29. Qxa6 h5 30. Qb5 Rd8 31. Qe2 Qxe2 32. Nxe2 Kf7 33. Kg2 Rb8 34. b4 h4 35. Kf3 Kf6 36. Ke3 1/2-1/2

[Event "IECC CL1-1999.04"]
[Site "IECC email"]
[Date "1999.02.01"]
[Round "?"]
[White "Braakhuis, Wilfried FR"]
[Black "Hummeling, Hans"]
[Result "1/2-1/2"]
[WhiteElo "2371"]
[BlackElo "2091"]
[PlyCount "90"]
[EventDate "1999.??.??"]
[EventType "tourn (corr)"]
[EventRounds "4"]
[SourceTitle "Corr 2008"]
[Source "ChessBase"]
[SourceDate "2008.06.24"]
[SourceVersion "1"]
[SourceVersionDate "2008.06.24"]
[SourceQuality "1"]

1. d4 d5 2. c4 Nc6 3. Nc3 Nf6 4. Nf3 dxc4 5. e4 Bg4 6. Be3 e6 7. Bxc4 Bb4 8. Qc2 0-0 9. Rd1 Ne7 10. Be2 Qc8 11. 0-0 c5 12. dxc5 Bxc5 13. e5 Bf5 14. Bd3 Bxd3 15. Qxd3 Ne8 16. Ng5 Ng6 17. Rfe1 Bxe3 18. Rxe3 h6 19. Nxf7 Nf4 20. Nd6 Nxd6 21. Qxd6 Rd8 22. Qxd8+ Qxd8 23. Rxd8+ Rxd8 24. g3 Nd3 25. b3 g5 26. a3 Kf7 27. h4 gxh4 28. gxh4 Kg6 29. Nb5 Kh5 30. Nd6 Rg8+ 31. Kf1 Nf4 32. Re4 Rg4 33. f3 Rxh4 34. Nxb7 Ng6 35. Rxh4+ Kxh4 36. Kf2 h5 37. Nd8 Nf4 38. Nf7 Kh3 39. b4 Kh2 40. Ng5 h4 41. a4 h3 42. b5 Nd3+ 43. Ke3 Nc5 44. f4 Kg3 45. Nxh3 Kxh3 1/2-1/2

[Event "IECC CL1-1999.04"]
[Site "IECC email"]
[Date "1999.02.01"]
[Round "?"]
[White "Hummeling, Hans"]
[Black "Alvarez Villar, Horacio Nelson"]
[Result "1/2-1/2"]
[WhiteElo "2064"]
[BlackElo "2243"]
[PlyCount "36"]
[EventDate "1999.??.??"]
[EventType "tourn (corr)"]
[EventRounds "4"]
[SourceTitle "Corr 2008"]
[Source "ChessBase"]
[SourceDate "2008.06.24"]
[SourceVersion "1"]
[SourceVersionDate "2008.06.24"]
[SourceQuality "1"]

1. d4 f5 2. g3 Nf6 3. Bg2 g6 4. Nf3 Bg7 5. 0-0 0-0 6. c4 d6 7. Nc3 Nc6 8. d5 Na5 9. Qd3 c5 10. b3 a6 11. Bb2 Rb8 12. Ng5 Ng4 13. Ne6 Bxe6 14. dxe6 b5 15. cxb5 axb5 16. Qc2 Nf6 17. Nd5 Nh5 18. b4 cxb4 1/2-1/2

[Event "IECC KO email"]
[Site "IECC email"]
[Date "1998.11.29"]
[Round "?"]
[White "Hummeling, Hans"]
[Black "Junaidi, Barlian"]
[Result "1-0"]
[WhiteElo "2071"]
[BlackElo "2086"]
[PlyCount "103"]
[EventDate "1998.??.??"]
[EventType "tourn (corr)"]
[EventRounds "6"]
[SourceTitle "Corr 2008"]
[Source "ChessBase"]
[SourceDate "2008.06.24"]
[SourceVersion "1"]
[SourceVersionDate "2008.06.24"]
[SourceQuality "1"]

1. Nf3 d5 2. d4 c6 3. c4 Nf6 4. Nc3 e6 5. Bg5 Nbd7 6. e3 Qa5 7. cxd5 exd5 8. Nd2 Bd6 9. Bd3 0-0 10. 0-0 Re8 11. Rc1 a6 12. Qf3 Be7 13. Nb3 Qd8 14. Rc2 Nf8 15. h3 h6 16. Bf4 Ne6 17. Be5 Nd7 18. Bh2 Nf6 19. Rcc1 Bd6 20. Bxd6 Qxd6 21. Qd1 Ng5 22. Ne2 Nfe4 23. Nf4 Bf5 24. Nc5 Nxc5 25. Bxf5 Nce4 26. Re1 Re7 27. Qg4 g6 28. Bxe4 Nxe4 29. Nd3 Qf6 30. f3 Nd6 31. Ne5 h5 32. Qg3 Rae8 33. Rc3 Kg7 34. a3 Nb5 35. Rc5 Qd6 36. Rc2 c5 37. Rxc5 Nxa3 38. bxa3 Rxe5 39. e4 dxe4 40. Rxe4 f6 41. Rcxe5 fxe5 42. a4 b5 43. axb5 axb5 44. dxe5 Qc5+ 45. Kh2 b4 46. f4 Rf8 47. Qd3 h4 48. e6 Re8 49. Qd7+ Re7 50. Qd8 b3 51. Rc4 Qa3 52. Rc8 1-0

[Event "IECC Swiss email"]
[Site "IECC email"]
[Date "1998.11.27"]
[Round "2"]
[White "Hummeling, Hans"]
[Black "Bruce, Earle"]
[Result "1-0"]
[WhiteElo "1982"]
[BlackElo "1736"]
[PlyCount "79"]
[EventDate "1998.??.??"]
[EventType "tourn (corr)"]
[EventRounds "6"]
[SourceTitle "Corr 2008"]
[Source "ChessBase"]
[SourceDate "2008.06.24"]
[SourceVersion "1"]
[SourceVersionDate "2008.06.24"]
[SourceQuality "1"]

1. d4 Nf6 2. c4 e6 3. Nf3 b6 4. g3 Bb7 5. Bg2 Be7 6. Nc3 Ne4 7. Bd2 Bf6 8. 0-0 0-0 9. Rc1 c5 10. d5 exd5 11. cxd5 Nxd2 12. Nxd2 d6 13. Nde4 Be5 14. f4 Bd4+ 15. Kh1 a6 16. Qd3 h6 17. e3 Bxc3 18. Nxc3 Nd7 19. Rfe1 Qc7 20. e4 f6 21. Bh3 Rae8 22. Be6+ Kh8 23. Bf5 Re7 24. Qf3 Rfe8 25. Qh5 Nf8 26. h3 Bc8 27. Bxc8 Qxc8 28. Re3 Kh7 29. Rce1 g6 30. Qh4 g5 31. Qh5 Ng6 32. Rf1 Kg7 33. Ref3 Rf8 34. a4 Qe8 35. Re3 Nh8 36. Qe2 Qc8 37. Rf2 Nf7 38. Kh2 Rh8 39. Rf1 Rh7 40. Qf3 1-0

[Event "IECC KO email"]
[Site "IECC email"]
[Date "1998.11.15"]
[Round "1"]
[White "Junaidi, Barlian"]
[Black "Hummeling, Hans"]
[Result "0-1"]
[WhiteElo "2114"]
[BlackElo "2045"]
[PlyCount "80"]
[EventDate "1998.??.??"]
[EventType "tourn (corr)"]
[EventRounds "6"]
[SourceTitle "Corr 2008"]
[Source "ChessBase"]
[SourceDate "2008.06.24"]
[SourceVersion "1"]
[SourceVersionDate "2008.06.24"]
[SourceQuality "1"]

1. d4 d5 2. c4 e6 3. Nf3 Nf6 4. Bg5 Be7 5. Nc3 0-0 6. e3 h6 7. Bxf6 Bxf6 8. Qc2 c5 9. Rd1 cxd4 10. Nxd4 Nc6 11. cxd5 Nxd4 12. exd4 exd5 13. Be2 Be6 14. Qb3 Qa5 15. 0-0 b6 16. Bf3 Rfd8 17. Ne2 Bg5 18. g3 Bh3 19. Bg2 Bxg2 20. Kxg2 Re8 21. Nc3 Rad8 22. Rd3 Bf6 23. Rfd1 Qa6 24. Rf3 Qb7 25. h4 Re6 26. a3 a6 27. Na4 Qc6 28. Rc3 Qe8 29. Rc7 Re4 30. Nxb6 Rxd4 31. Rxd4 Bxd4 32. Na4 Be5 33. Rc1 d4 34. Nc5 Qc6+ 35. Kg1 d3 36. Qd1 Bxb2 37. Rb1 Bc3 38. Nb3 d2 39. Qc2 Qg6 40. Qxg6 d1Q+ 0-1

[Event "IECC TH-M email"]
[Site "IECC email"]
[Date "1998.08.25"]
[Round "?"]
[White "Hummeling, Hans"]
[Black "Owens, Johnny"]
[Result "1/2-1/2"]
[WhiteElo "2090"]
[BlackElo "2046"]
[PlyCount "108"]
[EventDate "1998.??.??"]
[EventType "match (corr)"]
[EventRounds "2"]
[SourceTitle "Corr 2008"]
[Source "ChessBase"]
[SourceDate "2008.06.24"]
[SourceVersion "1"]
[SourceVersionDate "2008.06.24"]
[SourceQuality "1"]

1. d4 d5 2. e4 dxe4 3. Nc3 Nf6 4. f3 exf3 5. Nxf3 Bg4 6. h3 Bxf3 7. Qxf3 c6 8. Be3 e6 9. Bd3 Nbd7 10. 0-0 Be7 11. Ne4 0-0 12. c4 Qa5 13. g4 Rad8 14. a3 Qc7 15. Nxf6+ Bxf6 16. g5 Be7 17. Rae1 Qd6 18. b4 Ne5 19. Bxh7+ Kxh7 20. Qh5+ Kg8 21. c5 Qd5 22. dxe5 Qxe5 23. Rf3 Rd5 24. h4 g6 25. Qg4 Rfd8 26. Rf4 Rd3 27. Qf3 Qc3 28. Qf2 Qxe1+ 29. Qxe1 Rd1 30. Qxd1 Rxd1+ 31. Kf2 Rd5 32. Re4 f5 33. gxf6 Bxf6 34. Rxe6 Bxh4+ 35. Kf3 Kf7 36. Re4 Bf6 37. a4 Bc3 38. Rc4 Rf5+ 39. Kg4 Be5 40. Rc1 Bf6 41. Rd1 Re5 42. Kf3 Ke6 43. Rd6+ Kf5 44. b5 Be7 45. Rd7 Bxc5 46. Bxc5 Rxc5 47. Rf7+ Kg5 48. Rxb7 cxb5 49. axb5 Rc3+ 50. Kf2 Rb3 51. Rxa7 Rxb5 52. Ra3 Kf4 53. Rf3+ Ke4 54. Re3+ Kf5 1/2-1/2

[Event "IECC CL3-1998.22"]
[Site "IECC email"]
[Date "1998.08.15"]
[Round "?"]
[White "El Messiry, Raouf"]
[Black "Hummeling, Hans"]
[Result "0-1"]
[WhiteElo "1783"]
[BlackElo "1973"]
[PlyCount "56"]
[EventDate "1998.??.??"]
[EventType "tourn (corr)"]
[EventRounds "4"]
[SourceTitle "Corr 2008"]
[Source "ChessBase"]
[SourceDate "2008.06.24"]
[SourceVersion "1"]
[SourceVersionDate "2008.06.24"]
[SourceQuality "1"]

1. e4 d6 2. d4 Nf6 3. Nc3 g6 4. Be3 Bg7 5. Qd2 c6 6. f3 Qa5 7. Bc4 Nbd7 8. Nge2 b5 9. Bb3 Bb7 10. 0-0 c5 11. dxc5 dxc5 12. a4 b4 13. Nb5 a6 14. Na3 Ne5 15. Nc4 Nxc4 16. Bxc4 Rd8 17. Qc1 0-0 18. Bh6 Nd7 19. Bxg7 Kxg7 20. Qf4 f6 21. Be6 Qb6 22. Bc4 Ne5 23. a5 Qa7 24. Be6 Rd6 25. Bh3 Nc4 26. Qc1 e5 27. Re1 Rfd8 28. b3 Na3 0-1

[Event "IECC P email"]
[Site "IECC email"]
[Date "1998.08.08"]
[Round "?"]
[White "Ringel, George"]
[Black "Hummeling, Hans"]
[Result "0-1"]
[WhiteElo "1653"]
[BlackElo "2063"]
[PlyCount "42"]
[EventDate "1998.??.??"]
[EventType "tourn (corr)"]
[EventRounds "6"]
[SourceTitle "Corr 2008"]
[Source "ChessBase"]
[SourceDate "2008.06.24"]
[SourceVersion "1"]
[SourceVersionDate "2008.06.24"]
[SourceQuality "1"]

1. e4 c5 2. Nf3 d6 3. d4 cxd4 4. Nxd4 Nf6 5. Nc3 a6 6. Be3 e5 7. Nde2 Ng4 8. Qd2 Nxe3 9. Qxe3 Be6 10. 0-0-0 Be7 11. Kb1 Nd7 12. f4 exf4 13. Nxf4 Ne5 14. Nxe6 fxe6 15. Be2 0-0 16. Qh3 Rf6 17. g4 Rh6 18. Qg2 b5 19. Rdg1 Bg5 20. h4 Bxh4 21. Rxh4 Qxh4 0-1

[Event "IECC P email"]
[Site "IECC email"]
[Date "1998.07.30"]
[Round "?"]
[White "Hummeling, Hans"]
[Black "Villarreal, Steven"]
[Result "1-0"]
[WhiteElo "1981"]
[BlackElo "1639"]
[PlyCount "141"]
[EventDate "1998.??.??"]
[EventType "tourn (corr)"]
[EventRounds "6"]
[SourceTitle "Corr 2008"]
[Source "ChessBase"]
[SourceDate "2008.06.24"]
[SourceVersion "1"]
[SourceVersionDate "2008.06.24"]
[SourceQuality "1"]

1. Nf3 Nf6 2. d4 d5 3. c4 e6 4. g3 Nbd7 5. Bg2 dxc4 6. Nbd2 Nb6 7. 0-0 c5 8. Nxc4 Nxc4 9. Qa4+ Bd7 10. Qxc4 Rc8 11. Ne5 b5 12. Qd3 c4 13. Qc2 Nd5 14. a4 a6 15. axb5 Bxb5 16. Bd2 Bd6 17. Ba5 Qe7 18. Rfd1 0-0 19. e3 f6 20. Nf3 c3 21. Bxc3 Nxc3 22. bxc3 Bb4 23. d5 Bxc3 24. Rab1 exd5 25. Nh4 d4 26. exd4 Kh8 27. Bh3 Rc7 28. d5 Be5 29. Qa2 Bc4 30. Qd2 Rd8 31. Nf5 Qa3 32. Qe3 Qxe3 33. Nxe3 Be2 34. Rd2 Bb5 35. f4 Bd6 36. Kf2 Rc3 37. Be6 Bc5 38. Re1 Bc4 39. f5 Bb3 40. Kf3 a5 41. Ke4 Rb8 42. d6 Ba4 43. Kf3 Rd8 44. d7 Ra3 45. Ke4 g6 46. Nc4 Bb4 47. Rd5 Bc6 48. Nxa3 Bxe1 49. Kd4 Bb4 50. Nc2 Bxd5 51. Kxd5 Be7 52. Nd4 a4 53. Kc6 Kg7 54. Kc7 Rh8 55. Nc6 Kf8 56. h4 gxf5 57. h5 h6 58. Bc4 a3 59. Nd4 f4 60. Ne6+ Kg8 61. Nxf4+ Kg7 62. Ng6 Bd8+ 63. Kc8 Be7+ 64. Nxh8 Kxh8 65. d8Q+ Bxd8 66. Kxd8 Kg7 67. Be6 Kf8 68. g4 Kg7 69. Ke7 Kh7 70. Kf8 Kh8 71. Bg8 1-0

[Event "IECC Quad-586 email"]
[Site "IECC email"]
[Date "1998.07.26"]
[Round "?"]
[White "Hummeling, Hans"]
[Black "Mueller, Robert"]
[Result "1-0"]
[WhiteElo "2017"]
[BlackElo "2105"]
[PlyCount "136"]
[EventDate "1998.??.??"]
[EventType "tourn (corr)"]
[EventRounds "6"]
[SourceTitle "Corr 2008"]
[Source "ChessBase"]
[SourceDate "2008.06.24"]
[SourceVersion "1"]
[SourceVersionDate "2008.06.24"]
[SourceQuality "1"]

1. d4 Nf6 2. c4 e6 3. Nf3 b6 4. e3 Bb7 5. Nc3 d5 6. cxd5 exd5 7. Bb5+ c6 8. Bd3 Be7 9. 0-0 0-0 10. e4 dxe4 11. Nxe4 Nbd7 12. Re1 Nxe4 13. Bxe4 Nf6 14. Bd3 Re8 15. Ne5 Bb4 16. Re2 h6 17. Bf4 Nd5 18. Bd2 Bd6 19. Qc2 Bxe5 20. dxe5 c5 21. Rd1 Qc7 22. f4 Rad8 23. a3 Bc8 24. Rf2 Qe7 25. h3 Bb7 26. Be4 Bc6 27. b3 a6 28. Rff1 Ba8 29. Bh7+ Kh8 30. Bd3 Bc6 31. Be4 Bb7 32. Bc1 f6 33. Bg6 Rf8 34. exf6 Qxf6 35. Bb2 Qh4 36. Qf2 Qxf2+ 37. Rxf2 Ne7 38. Rxd8 Rxd8 39. Bc2 Kg8 40. Re2 Rd7 41. Kf2 Kf7 42. g3 Nc6 43. Be4 g5 44. fxg5 hxg5 45. Bc3 Nd8 46. Bf5 Rd6 47. Bg4 Ne6 48. Re5 a5 49. Rf5+ Kg8 50. Ke3 Bh1 51. Be2 Nd4 52. Bc4+ Kh7 53. Rxg5 Rf6 54. Bxd4 Rf3+ 55. Ke2 cxd4 56. Bd3+ Kh8 57. b4 a4 58. h4 Re3+ 59. Kd2 Rf3 60. Be4 Rf1 61. Bxh1 Rxh1 62. Kd3 Ra1 63. Rg6 Rxa3+ 64. Kxd4 Rf3 65. b5 a3 66. Rxb6 Rxg3 67. Ra6 Kg7 68. h5 Kf7 1-0

[Event "IECC TH-M email"]
[Site "IECC email"]
[Date "1998.07.25"]
[Round "?"]
[White "Joseph, Steven"]
[Black "Hummeling, Hans"]
[Result "1/2-1/2"]
[WhiteElo "1777"]
[BlackElo "1956"]
[PlyCount "47"]
[EventDate "1998.??.??"]
[EventType "match (corr)"]
[EventRounds "2"]
[SourceTitle "Corr 2008"]
[Source "ChessBase"]
[SourceDate "2008.06.24"]
[SourceVersion "1"]
[SourceVersionDate "2008.06.24"]
[SourceQuality "1"]

1. d4 d5 2. c4 dxc4 3. e4 e5 4. Nf3 Bb4+ 5. Bd2 Bxd2+ 6. Nbxd2 exd4 7. Bxc4 Nh6 8. b4 0-0 9. 0-0 Qf6 10. Nb3 Rd8 11. Qd2 Bg4 12. e5 Qb6 13. Ng5 Nc6 14. Qf4 Kh8 15. Nxf7+ Nxf7 16. Bxf7 Rf8 17. Qxg4 Rxf7 18. e6 Rf6 19. a3 Ne5 20. Qe4 Rxe6 21. Nxd4 Re7 22. Nf5 Re6 23. Nd4 Re7 24. Nf5 1/2-1/2

[Event "IECC P email"]
[Site "IECC email"]
[Date "1998.04.25"]
[Round "?"]
[White "Martin, John W"]
[Black "Hummeling, Hans"]
[Result "1-0"]
[WhiteElo "1989"]
[BlackElo "1966"]
[PlyCount "111"]
[EventDate "1998.??.??"]
[EventType "tourn (corr)"]
[EventRounds "6"]
[SourceTitle "Corr 2008"]
[Source "ChessBase"]
[SourceDate "2008.06.24"]
[SourceVersion "1"]
[SourceVersionDate "2008.06.24"]
[SourceQuality "1"]

1. d4 Nf6 2. c4 g6 3. g3 Bg7 4. Bg2 0-0 5. Nf3 d6 6. 0-0 c6 7. Nc3 Bf5 8. Nh4 Bd7 9. e4 e5 10. Nf3 Re8 11. h3 Na6 12. Re1 exd4 13. Nxd4 Qb6 14. Nb3 Be6 15. Be3 Qc7 16. Qe2 Qe7 17. Rad1 Nd7 18. Nd5 cxd5 19. cxd5 Bxh3 20. Bxh3 Nf6 21. f3 Qe5 22. Qf2 Nh5 23. g4 Nf4 24. Bf1 Nc7 25. Qh2 g5 26. Nd4 Nfxd5 27. exd5 Qxh2+ 28. Kxh2 Nxd5 29. Bf2 Rxe1 30. Rxe1 Be5+ 31. Kg1 Rc8 32. Nf5 Rc2 33. Re2 Rxe2 34. Bxe2 Nf4 35. Kf1 a6 36. Be3 Kf8 37. Bxf4 gxf4 38. a4 d5 39. b4 f6 40. Bd3 Kf7 41. Ke2 Bc7 42. b5 axb5 43. axb5 Ke6 44. Ng7+ Kf7 45. Nh5 h6 46. b6 Be5 47. Bf5 Ke7 48. Bc8 Kd6 49. Bxb7 Kc5 50. Kd3 d4 51. Be4 Kxb6 52. Kc4 Ka5 53. Ng7 Ka4 54. Nf5 Ka3 55. Nxh6 Kb2 56. Nf5 1-0